• 首页
  • 本馆介绍
  • 公告通知
  • 最新文献
  • 馆藏检索
  • 电子资源
  • 读者导购
  • 参考咨询
  • 我的图书馆
  • 登录
  • 详细信息显示
  • 放入我的书架
  • 预约/预借图书
  • 作者相关作品
  • 分类相关作品
  • 丛书相关作品
  • 出版社相关作品

书目信息

  • 表格格式
  • 工作单格式
  • 卡片格式
题名:
华北地区区域地层表
    
 
作者: ;内蒙古自治区地层表编写组 编著
分册:   内蒙古分册
出版信息: 北京   地质出版社  1978
页数: 338页
开本: 26cm
丛书名:
单 册:
中图分类: P562
科图分类:
主题词: 区域地质--中国
电子资源:
ISBN:
000 00670nam0 2200217 45
001 0178005567
005 20041223111637.1
010    @dCNY5.20
091    @a15038.新298
100    @a19950726d1978 kemy0chiy0121 ea
101 0  @achi
102    @aCN@b110000
105    @ay z 000yy
200 10 @a华北地区区域地层表@Ahua bei di qu qu yu di ceng biao@i内蒙古分册@f内蒙古自治区地层表编写组编著@FNei Meng Gu Zi Zhi Qu Di Ceng Biao Bian Xie ZuBian Zhu
210    @a北京@c地质出版社@d1978
215    @a338页@d26cm@e图1袋
606 0  @a区域地质@y中国
690    @aP562@v3
711 02 @a内蒙古自治区地层表编写组@4编著
801  0 @aCN@bNLC@c20040907
905    @dP562@e1@f1@b5157
    
    华北地区区域地层表.内蒙古分册/内蒙古自治区地层表编写组编著.-北京:地质出版社,1978
    338页;26cm+图1袋
    
    
    ISBN :CNY5.20
    
●
相关链接 在E读中查询图书 在五车中查询图书 在当当中查询图书 在豆瓣中查询图书


正题名:华北地区区域地层表     索取号:P562/1         预约/预借

序号 登录号 条形码 馆藏地/架位号 状态 备注
1 0005156   000074243   第三借阅区/ [索取号:P562/1] 在馆    
2 0005157   000074252   第二样本阅览室/ [索取号:P562/1] 在馆    
唐山师范学院图书馆 欢迎您!
大连网信软件有限公司© 版权所有